| 000 | 00980nam a22003017a 4500 | ||
|---|---|---|---|
| 001 | 8489 | ||
| 003 | FISKH | ||
| 005 | 20250915154015.0 | ||
| 008 | 250915b cb ||||| |||| 00| 0 eng d | ||
| 020 | _a9780439114271 | ||
| 040 |
_aFISKH _beng _cFISKH _dFISKH |
||
| 050 | _aPZ7.P915 C | ||
| 082 | _a480 | ||
| 100 |
_aPreller, James _d(1961-) |
||
| 245 |
_aA Jigsaw Jones mystery : _bThe case of the great sled race / _cBy James Preller ; Illustrated by John Speirs ; Cover illustration by R.W. Alley |
||
| 250 | _aThis edition first published in 2000 | ||
| 260 |
_aNew York : _bScholastic, _c2000 |
||
| 300 |
_a72 pages : _billustrations ; _c20 cm |
||
| 505 | _aN | ||
| 520 | _aJigsaw Jones tries to find a missing good luck charm while on a winter vacation. | ||
| 521 | 8 |
_a530
_bLexile |
|
| 521 | 8 |
_aN
_bRaz-Plus |
|
| 650 |
_2Jigsaw Jones _aPreller |
||
| 650 |
_2Winter _aMystery |
||
| 700 |
_aSpeirs, John _dillustrator |
||
| 942 |
_2ddc _cBK _n0 |
||
| 999 |
_c8489 _d8489 |
||